| 000 | 00579nam a2200205Ia 4500 | ||
|---|---|---|---|
| 999 |
_c37592 _d37592 |
||
| 001 | 3564 | ||
| 003 | GE_BSU | ||
| 005 | 20190624130539.0 | ||
| 008 | 181216s2004||||enk|||||||||||||| ||eng|| | ||
| 040 | _cGE_BSU | ||
| 041 | _aeng | ||
| 080 | _a159.9.07 | ||
| 100 |
_aKellogg, T. Robert; _92800 |
||
| 245 | 4 |
_aThe Best Test preparation For The GRE / _bCraduate Record Examenation Psyhology test. |
|
| 260 | _c2004 | ||
| 300 |
_a581c. ; _b23cm. |
||
| 653 | _aფსიქოლოგია | ||
| 700 |
_a Richard, Pisacreta, Ph. D. _eავტორი _92801 |
||
| 942 |
_cBK _2udc |
||